|
|
|
|
| LEADER |
00000cam a2200000 7i4500 |
| 001 |
0000035980 |
| 005 |
20180530.0 |
| 008 |
130529 |
| 020 |
|
|
|a 9789673690206
|
| 090 |
0 |
0 |
|a 153.14
|b OSM
|
| 100 |
0 |
|
|a Osman Affan
|
| 245 |
1 |
0 |
|a Teknik memori smartstudy
|c Osman Affan
|
| 260 |
|
|
|a Selangor :
|b PTS Professional Pulishing Sdn. Bhd ,
|c [s.n]
|
| 490 |
0 |
|
|a Siri mengajar luar daripada biasa
|
| 650 |
|
0 |
|a Comprehension
|
| 650 |
|
0 |
|a Memory
|
| 650 |
|
0 |
|a Mnemonics
|
| 999 |
|
|
|a 0001181251
|b Book
|c Adult Collection
|e Cawangan Taman Sri Lambak
|
| 999 |
|
|
|a 0001181252
|b Book
|c Adult Collection
|e Cawangan Tmn. Ungku Tun Aminah
|
| 999 |
|
|
|a 0001181254
|b Book
|c Adult Collection
|e Cawangan Bukit Gambir
|
| 999 |
|
|
|a 0001181255
|b Book
|c Adult Collection
|e Cawangan Bandar Penawar
|
| 999 |
|
|
|a 0001181256
|b Book
|c Adult Collection
|e Cawangan Kota Tinggi
|
| 999 |
|
|
|a 0001181257
|b Book
|c Adult Collection
|e Cawangan Pontian
|
| 999 |
|
|
|a 0001181260
|b Book
|c Adult Collection
|e Cawangan Segamat
|
| 999 |
|
|
|a 0001181262
|b Book
|c Adult Collection
|e Cawangan Mersing
|
| 999 |
|
|
|a 0001181263
|b Book
|c Adult Collection
|e Cawangan Bandar Tenggara
|
| 999 |
|
|
|a 0001181264
|b Book
|c Adult Collection
|e Perbadanan Perpustakaan Awam Johor
|